Movie by the Twist Quiz Stats

Quiz Updated Oct 27, 2014

Also try: Movie by Spoiler
Challenge
Share
Tweet
Embed
Score 0/28 Timer 07:00
0 Plays Today
Twist Movie % Correct
He died in the first scene, and he's been a ghost ever since.The Sixth Sense
83.3%
His mother is already dead, he just pretends to be her when he kills.Psycho
63%
The computer made the robots kill, because it misinterpreted one of Asimov's rules of robotics.I, Robot
57%
The villain is his father.The Empire Strikes Back
56.5%
They put their sleeping friend's mattress on the roof as a prank.The Hangover
53.3%
The killer has been in the room the whole time, pretending to be dead.Saw
52.1%
She's the ghost. Those 'spirits' that haunted her house were the living.The Others
40.5%
He's actually blind, and the bible is written in braille.The Book of Eli
37.1%
It's all been an elaborate hoax to help him realize his own psychosis.Shutter Island
36.5%
It's not really 1897 - it's present day.The Village
35.7%
His boss is actually the Devil.The Devil's Advocate
33.7%
He already found his wife's attacker. Now he's tricked himself into murdering again.Memento
33.6%
The suicides were caused by the trees.The Happening
30.2%
The little girl is actually a 33 year old insane asylum escapee.Orphan
27.4%
Twist Movie % Correct
She's a god too, and also his soulmate.Hancock
27%
It really was just a game after all.The Game
25.5%
They're actually clones that were supposed to be harvested for their organs.The Island
23.3%
He has a twin that shares his identity.The Prestige
22.1%
They're all different facets of a crazed killer's personality.Identity
21%
He did write the story. The man who accused him of stealing it was an alternate personality of his.Secret Window
19%
He never actually left the hotel room.1408
16.8%
He was his daughter's murderous 'imaginary' friend.Hide & Seek
14%
She's actually his daughter, and he was hypnotized into falling in love with her.Oldboy
9.9%
The whole city is an experiment by aliens to test the human soul.Dark City
9.9%
He's cryogenically frozen, and everything is just a dream.Vanilla Sky
8.6%
She's not really 14 and she's not really his daughter.Matchstick Men
7.1%
Her son was taken by aliens to test the bond between parent and child.The Forgotten
6.3%
She's the real killer, she's just using the 'investigation' to frame her boss.Perfect Stranger
1.9%

You're not logged in!

Compare scores with friends on all Sporcle quizzes.
Sign Up with Email
OR
Log In

You Might Also Like...

Show Comments

Extras

Top Quizzes Today


Score Distribution

Your Account Isn't Verified!

In order to create a playlist on Sporcle, you need to verify the email address you used during registration. Go to your Sporcle Settings to finish the process.